Новые технологии - нефтегазовому региону (Запись № 12170843)
[ простой вид ]
| 000 -МАРКЕР | |
|---|---|
| контрольное поле | 02171nam1a2200337 i 4500 |
| 001 - ИДЕНТИФИКАТОР ЗАПИСИ | |
| контрольное поле | RU\NLR\BIBL_A\011251722 |
| 005 - ИДЕНТИФИКАТОР ВЕРСИИ | |
| контрольное поле | 20241103110950.0 |
| 010 ## - МЕЖДУНАРОДНЫЙ СТАНДАРТНЫЙ НОМЕР КНИГИ (ISBN) | |
| Номер (ISBN) | 9785996112302 |
| 035 ## - ДРУГИЕ СИСТЕМНЫЕ НОМЕРА | |
| Идентификатор записи | (NLR Aleph) 011251722 |
| 100 ## - ДАННЫЕ ОБЩЕЙ ОБРАБОТКИ | |
| Данные общей обработки | 20160824g20169999k y0rusy50 ca |
| 101 0# - ЯЗЫК РЕСУРСА | |
| Язык текста, звукозаписи и т.д. | русский |
| 102 ## - СТРАНА ПУБЛИКАЦИИ ИЛИ ПРОИЗВОДСТВА | |
| Страна публикации | Российская Федерация |
| 105 ## - ПОЛЕ КОДИРОВАННЫХ ДАННЫХ: ТЕКСТОВЫЕ МАТЕРИАЛЫ, МОНОГРАФИЧЕСКИЕ | |
| Кодированные данные о монографическом текстовом документе | | z 100yy |
| 200 1# - ЗАГЛАВИЕ И СВЕДЕНИЯ ОБ ОТВЕТСТВЕННОСТИ | |
| Основное заглавие | Новые технологии - нефтегазовому региону |
| Сведения, относящиеся к заглавию | материалы международной научно-практической конференции студентов, аспирантов и молодых ученых |
| Первые сведения об ответственности | [отв. ред.: к.т.н., доц. П.В. Евтин] |
| 210 ## - ПУБЛИКАЦИЯ, РАСПРОСТРАНЕНИЕ И ДР. | |
| Место издания, распространения и т.д. | Тюмень |
| Имя издателя, распространителя и т. д. | ТИУ |
| Дата издания, распространения и т.д. | 2016 |
| 215 ## - ФИЗИЧЕСКАЯ ХАРАКТЕРИСТИКА | |
| Размеры | 20 |
| 300 ## - ОБЩИЕ ПРИМЕЧАНИЯ | |
| Текст примечания | В надзаг.: М-во образования и науки Рос. Федерации, Федер. гос. бюджет. образоват. учреждение высш. образования "Тюмен. индустр. ун-т" |
| 606 ## - НАИМЕНОВАНИЕ ТЕМЫ КАК ПРЕДМЕТ | |
| Наименование темы | Естественные газы |
| Формальный подзаголовок | Съезды, совещания и т.п. |
| Тематический подзаголовок | Добыча |
| Системный номер авторитетной/нормативной записи | 1319948 |
| Идентификатор авторитетной/нормативной записи | RU\NLR\auth\66232359 |
| 606 1# - НАИМЕНОВАНИЕ ТЕМЫ КАК ПРЕДМЕТ | |
| Наименование темы | Нефть |
| Формальный подзаголовок | Съезды, совещания и т.п |
| Тематический подзаголовок | Месторождения |
| Географический подзаголовок | Сибирь Западная |
| Системный номер авторитетной/нормативной записи | 1197324 |
| Идентификатор авторитетной/нормативной записи | RU\NLR\AUTH\66166169 |
| 606 1# - НАИМЕНОВАНИЕ ТЕМЫ КАК ПРЕДМЕТ | |
| Наименование темы | Нефть |
| Формальный подзаголовок | Съезды, совещания и т.п. |
| Тематический подзаголовок | Добыча |
| Системный номер авторитетной/нормативной записи | 1080697 |
| Идентификатор авторитетной/нормативной записи | RU\NLR\auth\66422365 |
| 606 1# - НАИМЕНОВАНИЕ ТЕМЫ КАК ПРЕДМЕТ | |
| Наименование темы | Нефтегазовая промышленность |
| Формальный подзаголовок | Съезды, совещания и т.п. |
| Географический подзаголовок | Тюменская область |
| Системный номер авторитетной/нормативной записи | 2358110 |
| Идентификатор авторитетной/нормативной записи | RU\NLR\auth\661408378 |
| 686 1# - ИНДЕКСЫ ДРУГИХ КЛАССИФИКАЦИЙ | |
| Индекс | И36я431(0) |
| 686 1# - ИНДЕКСЫ ДРУГИХ КЛАССИФИКАЦИЙ | |
| Индекс | У30(2)565.2(2Р-4Тю)я431 |
| 686 1# - ИНДЕКСЫ ДРУГИХ КЛАССИФИКАЦИЙ | |
| Индекс | Д454.1-09(2Р53)я431(0) |
| 702 #1 - ИМЯ ЛИЦА - ВТОРИЧНАЯ ОТВЕТСТВЕННОСТЬ | |
| Начальный элемент ввода | Евтин |
| Часть имени, кроме начального элемента ввода | П. В. |
| Расширение инициалов личного имени | Павел Владимирович |
| Код отношения | Редактор |
| 711 12 - НАИМЕНОВАНИЕ ОРГАНИЗАЦИИ - АЛЬТЕРНАТИВНАЯ ОТВЕТСТВЕННОСТЬ | |
| Начальный элемент ввода | "Новые технологии - нефтегазовому региону", международная научно-практическая конференция студентов, аспирантов и молодых ученых |
| Место проведения временной организации | Тюмень |
| Дата проведения временной организации | 2016 |
| Системный номер авторитетной/нормативной записи | 486810 |
| Идентификатор авторитетной/нормативной записи | RU\NLR\AUTH\880410575 |
| 852 ## - МЕСТОНАХОЖДЕНИЕ И ШИФР ХРАНЕНИЯ | |
| Идентификатор организации | NLR |
| Шифр хранения (Call Number) | 2016-3/25228 |
| 942 ## - ДОПОЛНИТЕЛЬНЫЕ ЭЛЕМЕНТЫ ЗАПИСИ (АБИС) | |
| Тип экземпляра АБИС | Книга |
Нет доступных экземпляров.